000 00600nam a2200205Ia 4500
003 IN-BaIIA
008 211028s9999 xx 000 0 eng d
020 _a978-3-319-09824-1
040 _cIIA Library
080 _a535.1
_bBIS
100 _aBisi, Olmes
_936468
245 0 _aVisible and invisible
_bthe wonders of light phenomena
_cOlmes Bisi
260 _aCham
_bSpringer
_c2015
300 _axxi, 314p.
650 _aAstronomy
_980
650 _aLight
_92428
650 _aScience (General)
650 _aScience astronomy
_936158
942 _cBK
999 _c19095
_d19095